| 000 | 00625nam a2200217Ia 4500 | ||
|---|---|---|---|
| 005 | 20260429111921.0 | ||
| 008 | 260429s9999||||xx |||||||||||||| ||und|| | ||
| 020 | _a9781484296356 | ||
| 041 | _aEnglish | ||
| 082 |
_a338.4791 _bDUZ |
||
| 100 | _aDuziak, Dominika | ||
| 245 | 0 |
_aBlock chain for hospitality and tourism : _ba guide to the future / _cDominika Duziak |
|
| 250 | _a1st ed. | ||
| 260 |
_aDubai : _bApress, _c2023. |
||
| 300 | _ax, 161 p.; pbk | ||
| 650 | _a Digital transformation | ||
| 650 | _a Hospitality management | ||
| 650 | _a Tourism technology | ||
| 650 | _aBlockchain technology | ||
| 942 | _cTB | ||
| 999 |
_c51423 _d51423 |
||